| 000 | 00914nam a2200277 4500 | ||
|---|---|---|---|
| 001 | BR2020000555 | ||
| 003 | BR-BrBNA | ||
| 005 | 20231009154046.0 | ||
| 008 | 231009b bl.||||| |||| 00| 0 por d | ||
| 040 |
_aBR-BrBNA _bpor |
||
| 041 | _apor | ||
| 072 | _aL10 | ||
| 090 | _aL10 BR2020000555 | ||
| 100 | _aAbreu, Luiza Rodrigues Alves | ||
| 110 | 1 |
_910833 _aUniversidade Federal de Minas Gerais, Belo Horizonte (Brasil). Escola de Veterinária |
|
| 245 | _aImplicacões da seleção para crescimento pré-desmama sobre características reprodutivas em bovinos de corte | ||
| 260 |
_aBelo Horizonte, MG (Brazil) _bUFMG _c2018 |
||
| 300 | _a69 p. | ||
| 500 | _aSummaries (En, Pt); Biblograpy p. 60-69 (70 ref.) | ||
| 502 | _aTese (Doutor em Zootecnia) | ||
| 650 | _aGADO DE CORTE | ||
| 650 | _aDESMAMA | ||
| 650 | _aCARACTERÍSTICAS REPRODUTIVAS | ||
| 909 |
_a202310 _bLES |
||
| 942 | _cTESE | ||
| 999 |
_c86443 _d86443 |
||